| 000 | 00377nam a2200097Ia 4500 | ||
|---|---|---|---|
| 005 | 20250424112919.0 | ||
| 008 | 250424s9999 xx 000 0 und d | ||
| 300 | _aiv, 299 p. ; 24 cm. | ||
| 650 | _aEnglish language--Business English--Study and teaching. Business communication--Study and teaching. English language--Textbooks for foreign speakers. Business writing. | ||
| 942 | _cSR | ||
| 999 |
_c37843 _d37843 |
||